000 00512nam a22001697a 4500
003 BD-ChCU
005 20260419101133.0
008 260419b bg ||||| |||| 00| 0 ben d
040 _cBD-ChCU
050 _a350.10954 THM
100 _aThompson, Virginia and Adloff, Richard.
_921587
245 _aMinority Problems in Southeast Asia.
_cThompson, Virginia and Adloff, Richard.
260 _aNew York.
_bRussell and Russell
_c1970
300 _aviii, 295p
650 0 _aMinorities/
_921589
942 _2ddc
_cBK
_n0
999 _c112259
_d112259